00654nam a2200193Ia 4500008004100000020001300041082001700054100003300071245003800104250000700142260003500149300003000184500001900214600002100233650005000254942000700304952013400311999001500445240925s9999 xx 000 0 und d a72132183 a005.7585 LON aLoney, Kevin; Thankkar, Megh 0aOracle 9i Instant Pl/SQL Scripts  aNA aNew York:bMcGraw-Hillc,2001. axxviii,573p.bNAfPirated aIncludes Index aComputer Science aComputer science, information & general works cBK 001040708CSaUITUbUITUd2003-01-14eRoyal Book Company g2960.81l0o005.7585 LONpQ4814r2024-09-25 07:13:38w2024-09-25yBK c7313d7313